00561nam a22001577a 4500027001600000040001600016082001500032100002400047245011100071260003500182300002700217650002300244942001300267999001900280952010400299 qHard Cover. cSINES-NUST. a570.2bAHM aUruba Ahmad.998965 aRNA-Seq Analysis of Regulatory Mechanism of COVID-19 Patients for Elucidating Therapeutics /cAhmad, Aruba aIslamabad:bSINES-NUST,c2022. a97 p. :bill. ;c30cm. xMS-Bioinformatics. 2ddccTHE c591435d591435 00102ddc4070aRCMSbRCMScTHEd2022-09-21l0o570.2 AHMpRCMS003352r2022-09-21w2022-09-21yREF